Online
Catalog

Autobiografía de un Yogui / (Record no. 23127)

MARC details
000 -CABECERA
campo de control de longitud fija 00880nam a2200229 a 4500
001 - NÚMERO DE CONTROL
campo de control 000023631
005 - FECHA Y HORA DE LA ÚLTIMA TRANSACCIÓN
campo de control 20200930022349.0
008 - DATOS DE LONGITUD FIJA--INFORMACIÓN GENERAL
campo de control de longitud fija 101215s1946 ag abc r 000 0 spa d
040 ## - FUENTE DE LA CATALOGACIÓN
Centro catalogador/agencia de origen DO-SdBNP
Lengua de catalogación spa
Centro/agencia transcriptor BNPHU
041 17 - CÓDIGO DE LENGUA
Código de lengua del texto/banda sonora o título independiente spa
Código de lengua original eng
Fuente del código Código de idiomas MARC
082 ## - NÚMERO DE LA CLASIFICACIÓN DECIMAL DEWEY
Número de clasificación nnnn
Número de documento/Ítem Y54a
049 ## - FONDOS LOCALES (OCLC)
Fondos de biblioteca BNGR
100 1# - ENTRADA PRINCIPAL--NOMBRE DE PERSONA
Nombre de persona Yogananda, Paramahansa,
9 (RLIN) 48697
240 10 - TÍTULO UNIFORME
Título uniforme Autobiography of a Yogi.
Lenguaje de la obra Español.
245 10 - MENCIÓN DE TÍTULO
Título Autobiografía de un Yogui /
Mención de responsabilidad, etc. Paramahansa Yogananda ; traducción de J. M. Cuarón ; con un prefacio de W.Y. Evans-Wents.
260 ## - PUBLICACIÓN, DISTRIBUCIÓN, ETC.
Lugar de publicación, distribución, etc. Buenos Aires :
Nombre del editor, distribuidor, etc. Siglo Veinte,
Fecha de publicación, distribución, etc. 1946.
300 ## - DESCRIPCIÓN FÍSICA
Extensión 397 p. :
Otras características físicas il., retrs. mapas ;
Dimensiones 23 cm.
504 ## - NOTA DE BIBLIOGRAFÍA, ETC.
Nota de bibliografía, etc. Incluye referencias bibliográficas y notas al pie de las páginas.
534 ## - NOTA SOBRE LA VERSIÓN ORIGINAL
Frase introductoria Título original en inglés:
Mención de título del original Autobiography of a Yogi.
700 1# - PUNTO DE ACCESO ADICIONAL--NOMBRE DE PERSONA
Nombre de persona Cuarón, J. M.,
Término indicativo de función/relación tr.
9 (RLIN) 48698
700 1# - PUNTO DE ACCESO ADICIONAL--NOMBRE DE PERSONA
Nombre de persona Evans-Wents, W. Y.,
9 (RLIN) 48699
Holdings
Estado de retiro Estado de pérdida Restricciones de uso No para préstamo Código de colección Localización permanente Ubicación/localización actual Ubicación en estantería Fecha de adquisición Número de inventario Total de préstamos Signatura topográfica completa Código de barras Fecha visto por última vez Precio válido a partir de Tipo de ítem Koha
    Préstamo interno   Monografías: Libros y Folletos General General En catalogación 15.12.2010 LF1   nnnn Y54a 23631-10 25.06.2020 25.06.2020 Préstamo interno

Powered by Koha